00542cam a22001572 4500001001100000005001700011008004100028020001700069040001500086245013000101260003800231300001600269650003300285700003600318700003000354000000609820151217152012.0070913s xx 000 0 eng d a8120327381 : aKABUcKABU10aBusiness ethics :bnew challenges for business schools and corporate leaders. /ced. by Robert A. Peterson and O. C. Ferrell. aNew Delhi :bA. K . Ghosh,c2005. axii, 286 p. 0aBusiness ethics.@00001491801 aPeterson, Robert A.@00001574821 aFerrell O. C.@0000157483